Occupier satisfaction survey (Record no. 111340)

MARC details
000 -LEADER
fixed length control field 01397cad a22002415a 4500
001 - CONTROL NUMBER
control field L151398
008 - FIXED-LENGTH DATA ELEMENTS--GENERAL INFORMATION
fixed length control field 101101s2010 xxkd f s 000 0 eng d
035 ## - SYSTEM CONTROL NUMBER
System control number (Sirsi) u151398
041 0# - LANGUAGE CODE
Language code of text/sound track or separate title eng
050 04 - LIBRARY OF CONGRESS CALL NUMBER
Classification number 346.4104343 $2 18
110 2# - MAIN ENTRY--CORPORATE NAME
Corporate name or jurisdiction name as entry element Property Industry Alliance
9 (RLIN) 5725
245 00 - TITLE STATEMENT
Title Occupier satisfaction survey
Remainder of title September 2010
Medium [electronic resource]
260 ## - PUBLICATION, DISTRIBUTION, ETC.
Place of publication, distribution, etc. [S.l.]
Name of publisher, distributor, etc. Property Industry Alliance and Corenet Global UK
Date of publication, distribution, etc. 2010
490 #0 - SERIES STATEMENT
Series statement UK Occupier Satisfaction Index
Volume/sequential designation 2010
520 ## - SUMMARY, ETC.
Summary, etc. This is the fourth annual survey measuring the satisfaction of commercial occupiers in the UK. This year's survey marks a departure from the three previous editions with an updated and more detailed approach based on the "Code for Leasing Business Premises in England and Wales, 2007" (see L137317). Commercial tenants in the UK are only moderately satisfied with the service they receive from landlords - there is still room for improvement, particularly in areas such as sustainability, service charges and the application for consent process.
590 ## - LOCAL NOTE (RLIN)
Local note KA
650 24 - SUBJECT ADDED ENTRY--TOPICAL TERM
Topical term or geographic name entry element UK OCCUPIER SATISFACTION INDEX
651 #4 - SUBJECT ADDED ENTRY--GEOGRAPHIC NAME
Geographic name United Kingdom
Chronological subdivision
690 ## - LOCAL SUBJECT ADDED ENTRY--TOPICAL TERM (OCLC, RLIN)
Topical term or geographic name as entry element PROPERTY-COMMERCIAL PROPERTY-COMMERCIAL LANDLORD AND TENANT
710 1# - ADDED ENTRY--CORPORATE NAME
Corporate name or jurisdiction name as entry element Corenet Global
9 (RLIN) 4279
856 40 - ELECTRONIC LOCATION AND ACCESS
Uniform Resource Identifier <a href="https://www.occupiersatisfaction.org.uk/">https://www.occupiersatisfaction.org.uk/</a>
Hours access method available View the report free of charge at www.occupiersatisfaction.org.uk
942 ## - ADDED ENTRY ELEMENTS (KOHA)
Suppress in OPAC 0
Holdings
Withdrawn status Lost status Source of classification or shelving scheme Damaged status Not for loan Home library Current library Shelving location Date acquired Total Checkouts Full call number Barcode Date last seen Copy number Price effective from Koha item type
    Dewey Decimal Classification     Virtual Virtual Online 01/11/2010   ONLINE PUBLICATION 151398-2001 06/08/2019 1 06/08/2019 Book